ANew Global Geometry (Record no. 41494)

MARC details
000 -LEADER
fixed length control field 00343nam a2200133Ia 4500
008 - FIXED-LENGTH DATA ELEMENTS--GENERAL INFORMATION
fixed length control field 240719s9999 xx 000 0 und d
041 ## - LANGUAGE CODE
Language code of text/sound track or separate title eng
082 ## - DEWEY DECIMAL CLASSIFICATION NUMBER
Classification number 530.11 ALB
100 ## - MAIN ENTRY--PERSONAL NAME
Personal name Albo Greg
245 ## - TITLE STATEMENT
Title ANew Global Geometry
260 ## - PUBLICATION, DISTRIBUTION, ETC.
Place of publication, distribution, etc. New Dehli
Name of publisher, distributor, etc. Aakar Books
Date of publication, distribution, etc. 2024
300 ## - PHYSICAL DESCRIPTION
Extent 350;. P. 24 Cm
520 ## - SUMMARY, ETC.
Summary, etc. Faculty Purchase by Dr. Shyam S
Holdings
Withdrawn status Lost status Damaged status Not for loan Home library Current library Shelving location Date acquired Source of acquisition Cost, normal purchase price Total Checkouts Total Holds Full call number Barcode Date due Date last seen Date last checked out Price effective from Koha item type
        IMTN IMTN Rack 19-A 10/06/2024 D C 795.00 1 32767 530.11 ALB 33543 10/20/2024 07/21/2024 07/21/2024 05/16/2022 Books
Designed & Maintained by: LRC IMT Nagpur Contact: lrc@imtnag.ac.in© 2024. All Rights Reserved.